Rindenzettel und Schriftverkehr: mediale und materiale Konstellationen in der Mitte des 17. Jahrhunderts
| Titel: | Rindenzettel und Schriftverkehr: mediale und materiale Konstellationen in der Mitte des 17. Jahrhunderts / Michael R. Ott |
|---|---|
| Verfasser: | |
| In: |
Daphnis, Band 47, Heft 3-4 (2019), Seite 639-666 alle Artikel anzeigen |
| Veröffentlicht: | 2019 |
| Format: | Aufsatz |
| Sprache: | Deutsch |
X
alg: 52222650
001A $03025:15-10-24
001B $01999:15-10-24 $t22:47:51.000
001D $03025:15-10-24
001U $0utf8
001X $00
002@ $0Oou
002C $aText $btxt $2rdacontent
002D $aComputermedien $bc $2rdamedia
002E $aOnline-Ressource $bcr $2rdacarrier
003@ $0522226507
007A $0522226507 $aHEB
010@ $ager
010E $erda
010E $erda
011@ $a2019
021A $aRindenzettel und Schriftverkehr: mediale und materiale Konstellationen in der Mitte des 17. Jahrhunderts $hMichael R. Ott
028A $BVerfasser $#Ott, Michael $#Ott, Michael Ralf $4aut $71045466735 $8Ott, Michael R.$Z1982- [Tp3] $9334700396
031A $d47 $e3-4 $h639-666 $j2019
039B $aEnthalten in $8--Obvc--. Daphnis. - Leiden {[u.a.] : Brill Rodopi, 1978-. - Online-Ressource. - ISSN 1879-6583 $x201900000470003361 $9079276997
044K $#Betulius, Sigmund $#Bircken Betulius, Sigismundus a $#Birkner, Sigmund von $#Birckmann, Sigismund $#Floridan $#Floridanus $#Der Erwachsene $#Erwachsene, Der $#Betulius, Sigmund B. $#Bircken, Sigismund $#Betulius, Floridan $#C., S. B. P. L. $#Betulius, Sigismundus $#Birken, Sigismund von $#Bürcken, Sigmund von $#Betulius, Sigismundus von $#Betulius, Sigismund $#Birken, Sigismundus a $#Birken, Sigismond van $#S. B. P. L. C. $#S. B. $#J. C. S. a B. $#S. B. K. G. P. $#S. v. B. $#B., S. v. $#Falindor $#Cresciuto, Il $#Rüchende, Der $#Bustisgundus, Emilius $#Betulius, Sigmund $#Von Birken, Sigmund $#Von Birken, Siegmund $#Birken, Siegmund von $#Betulius, Siegmund von $#Bircken, Siegmund von $#Birken, Sigmund von $#Birken, Sigismundum à $#Betulio, Sigismundo $#Betulium, Sigismundum $#Betulius, Sigesmundus $#Von Birken, Sigmund $7118511270 $8Birken, Sigmund$cvon$Z1626-1681 [Tp1] $908685240X
044K $#Pegnesischer Blumenorden e.V. $#Nürnberger Dichterkreis $#Gekrönter Blumenorden $#Die @Blumengenossenschaft $#P.Bl.O. $#Verein zur Pflege der Deutschen Sprache und Dichtkunst $#Löblicher Hirten- und Blumenorden an der Pegnitz $#Sigillum Societatis Florigerae ad Pegnesum $#Florigera, quae Pegnesum accolit Societas $#Florigera Societas quae Pegnesum accolit $#Pegnitzer Hirtengesellschaft $#Pegnitzschäfer Körperschaft $72083957-1 $8Pegnesischer Blumenorden [Tb1] $9043298613
044K $RKulturverein $#Literature Societies, etc. $#Littérature Associations $#Sociedades literarias $#Dichtergesellschaft $#Literarische Vereinigung $#Literarischer Verein $#Literaturgesellschaft $#Literaturvereinigung $#Literaturverein $74257364-6 $8Literarische Gesellschaft [Ts1] $9086367722
044K $RAutobiografische Literatur $RBriefliteratur $#Letter writing $#Correspondance $#Lettere $#Cartas Redacción $#Brief $#Briefschreiben $#Korrespondenz Brief $#Briefwechsel Brief $#Literarischer Brief $#Briefverkehr $#Briefe $74008240-4 $8Brief [Ts1] $9085014257
044K $RInformationsaustausch $RKommunikationssystem $RKommunikationspartner $#Communication $#Communication $#Comunicación $#Communication $#Kommunikation $#Kommunikation $#Informationsprozess $#Kommunikationsprozess $#Informationsprozess $74031883-7 $8Kommunikation [Tsz] $9085084581
044K $RLiteratur $RIdylle $RGeorgik $#Pastoral poetry $#Poésie pastorale $#Arkadische Dichtung $#Bukolik $#Pastoraldichtung $#Schäferdichtung $#Arkadische Poesie $#Bukolische Dichtung $74069731-9 $8Hirtendichtung [Ts1] $9085196010
044K $RAlternativgeschichte $RGeschichtsprophetie $#Utopias $#Utopies $#Utopia $#Utopie $#Utopie $#Politische Utopie $#Utopismus $#Sozialutopie $#Staatsutopie $#Idealstaat $#Utopien $74041251-9 $8Utopie [Ts1] $9085112887
045T $aAVL $qDE-30 $2FID
045T $aGER $qDE-30 $2FID
045T $a7,20
045V $811.08.00$jSprachgesellschaften [Tkx] $9118844946
045V $aBirken, Sigmund von $811.12.00$jZu einzelnen Autoren [Tkx] $9118843559
lok: 52222650 62
exp: 52222650 62 1 #EPN
201B/01 $015-10-24 $t22:05:35.000
201C/01 $015-10-24
203@/01 $01278065148
208@/01 $a15-10-24 $be
209A/01 $a/ $f000 $x00
209B/01 $a2024 $x05
247C/01 $8Frankfurt, Bibliographie der Deutschen Sprach- und Literaturwissenschaft $9113214561
201U/01 $0utf8
lok: 52222650 78
exp: 52222650 78 1 #EPN
201B/01 $015-10-24 $t12:21:55.000
201C/01 $015-10-24
201U/01 $0utf8
203@/01 $01278057560
208@/01 $a15-10-24 $be
209A/01 $a/ $f000 $x00
209A/01 $ab*p $x01
209A/01 $aEnglische Zusammenfassung, S. 639: Bark Notes and Letter Correspondence. Medial and Material Constellations in the Middle of the 17th Century $x03
220C/01 $apgar
244Z/01 $#Böhmische Kronländer $#Länder der Böhmischen Krone $#Sudetenland $#Böhmen $#Mähren $#Mährisch-Schlesien $#Österreichisch-Schlesien $#Tschechische Sozialistische Republik Böhmische Länder $#Tschechei Böhmische Länder $#Země koruny české $74069573-6 $8--Tg1--Böhmische Länder $x03 $9085195553
247C/01 $82080>Marburg/Lahn, Herder-Institut, Forschungsbibliothek, Bibliographieportal $9336309341
| LEADER | 00000caa a2200000 c 4500 | ||
|---|---|---|---|
| 001 | 522226507 | ||
| 003 | DE-603 | ||
| 005 | 20241015224751.0 | ||
| 007 | cr|||||||||||| | ||
| 008 | 241015s2019 xx |||| o| u00||u|ger c | ||
| 035 | |a (DE-599)HEB522226507 | ||
| 040 | |a DE-603 |b ger |c DE-603 |d DE-603 |e rda | ||
| 041 | |a ger | ||
| 084 | |a AVL |q DE-30 |2 fid | ||
| 084 | |a GER |q DE-30 |2 fid | ||
| 084 | |a 7,20 |2 ssgn | ||
| 100 | 1 | |a Ott, Michael R. |d 1982- |e Verfasser |4 aut |0 (DE-603)334700396 |0 (DE-588)1045466735 |2 gnd | |
| 245 | 0 | 0 | |a Rindenzettel und Schriftverkehr: mediale und materiale Konstellationen in der Mitte des 17. Jahrhunderts |c Michael R. Ott |
| 264 | 0 | |c 2019 | |
| 336 | |a Text |b txt |2 rdacontent | ||
| 337 | |a Computermedien |b c |2 rdamedia | ||
| 338 | |a Online-Ressource |b cr |2 rdacarrier | ||
| 600 | 1 | 7 | |a Birken, Sigmund von |d 1626-1681 |0 (DE-588)118511270 |0 (DE-603)08685240X |2 gnd |
| 610 | 1 | 7 | |a Pegnesischer Blumenorden |2 gnd |0 (DE-588)2083957-1 |0 (DE-603)043298613 |
| 650 | 7 | |a Literarische Gesellschaft |0 (DE-588)4257364-6 |0 (DE-603)086367722 |2 gnd | |
| 650 | 7 | |a Brief |0 (DE-588)4008240-4 |0 (DE-603)085014257 |2 gnd | |
| 650 | 7 | |a Kommunikation |0 (DE-588)4031883-7 |0 (DE-603)085084581 |2 gnd | |
| 650 | 7 | |a Hirtendichtung |0 (DE-588)4069731-9 |0 (DE-603)085196010 |2 gnd | |
| 650 | 7 | |a Utopie |0 (DE-588)4041251-9 |0 (DE-603)085112887 |2 gnd | |
| 773 | 0 | 8 | |i Enthalten in |t Daphnis |d Leiden [u.a.] : Brill Rodopi, 1978- |h Online-Ressource |x 1879-6583 |g Band 47, Heft 3-4 (2019), Seite 639-666 |w (DE-603)079276997 |w (DE-600)1481780-9 |
| 924 | 1 | |9 603 |a (DE-603)1278065148 |b DE-603 |c HES |d d | |
| 924 | 1 | |9 2080 |a (DE-603)1278057560 |b DE-2080 |c HES |d d |g / | |


